Di văn thời Tây Sơn trên đất Thăng Long Hà Nội

Giới thiệu các di văn ra đời trên vùng đất “nghìn năm văn hiến” dưới hai triều Quang Trung và Quang Toản, nhằm góp phần làm sống lại nhiều giá trị đã bị mai một của một phong trào nông dân khởi nghĩa lớn nhất nước ta cuối thế kỷ XVIII....

全面介紹

Đã lưu trong:
書目詳細資料
格式: 圖書
語言:Undetermined
出版: Hà Nội Nxb. Hà Nội 2010
主題:
標簽: 添加標簽
沒有標簽, 成為第一個標記此記錄!
Thư viện lưu trữ: Trung tâm Học liệu Trường Đại học Cần Thơ
LEADER 01066nam a2200205Ia 4500
001 CTU_164566
008 210402s9999 xx 000 0 und d
082 |a 895.92208001 
082 |b D300 
245 0 |a Di văn thời Tây Sơn trên đất Thăng Long Hà Nội 
245 0 |c Tuyển dịch và giới thiệu: Trần Nghĩa (chủ trì)... 
260 |a Hà Nội 
260 |b Nxb. Hà Nội 
260 |c 2010 
520 |a Giới thiệu các di văn ra đời trên vùng đất “nghìn năm văn hiến” dưới hai triều Quang Trung và Quang Toản, nhằm góp phần làm sống lại nhiều giá trị đã bị mai một của một phong trào nông dân khởi nghĩa lớn nhất nước ta cuối thế kỷ XVIII. 
650 |a Vietnam,Việt Nam 
650 |x History,Lịch sử 
650 |y Tây Sơn dynasty, 1788-1802,Triều đại Tây Sơn, 1788-1802 
904 |i Năm 
980 |a Trung tâm Học liệu Trường Đại học Cần Thơ